Sadr Al-Din Shirazi : hikmat Muta'aliyah

Bibliographic Details
Main Author: Sayyed Hussein Nasir
Format: Book
Published: Kuala Lumpur : DBP , 1992
Series:Siri Falsafah Islam
Subjects:

MARC

LEADER 00000cam a2200000 7i4500
001 0000005018
002 000005409
005 20081127.0
020 |a 9836222987 
090 0 0 |a 921.916   |b SEY 
100 0 |a Sayyed Hussein Nasir 
245 1 0 |a Sadr Al-Din Shirazi :   |b hikmat Muta'aliyah   |c Seyyed Hussein Nasir 
260 |a Kuala Lumpur :   |b DBP ,   |c 1992 
300 |a 116p. ;   |c 22cm. 
490 0 |a Siri Falsafah Islam 
600 0 0 |a Sadr Al-Din Shirazi 
650 0 0 |a Islamic philosopher   |x Biography 
999 |a 033571   |b BUKU   |c PINJAMAN   |e PERPUSTAKAAN KOMUNITI PETALING JAYA